000
00323nam a2200133Ia 4500
008
220204s9999 xx 000 0 und d
082
_a
633.1
_b
BLA
100
_a
BLAND, Brian F
245
0
_a
Crop production: Cereals and legumes
260
_a
London
_b
Academic
_c
1971
650
_a
Cereal
650
_a
Legume
942
_c
BK
999
_c
26780
_d
26780